| 000 | 01653cam a22003854a 4500 | ||
|---|---|---|---|
| 999 |
_c29115 _d29086 |
||
| 001 | 16346152 | ||
| 003 | EG-ScBUE | ||
| 005 | 20210519091753.0 | ||
| 008 | 100720t2011 enk f b 001 0 eng d | ||
| 020 | _a9780199783199 (pbk. : alk. paper) | ||
| 020 | _a0199783195 (pbk. : alk. paper) | ||
| 035 | _a(OCoLC)ocn652445999 | ||
| 040 |
_aDNAL/DLC _beng _erda _cDLC _dYDX _dYDXCP _dNLA _dCDX _dBWX _dDLC _dEG-ScBUE |
||
| 043 | _af------ | ||
| 082 | 0 | 4 |
_a338.16096 _bJUM _222 |
| 100 | 1 |
_aJuma, Calestous, _eauthor. |
|
| 245 | 1 | 4 |
_aThe new harvest : _bagricultural innovation in Africa / _cCalestous Juma. |
| 264 | 1 |
_aOxford : _bOxford University Press, _c[2011] |
|
| 264 | 4 | _cc2011 | |
| 300 |
_axxvi, 268 pages ; _c21 cm |
||
| 336 |
_2rdacontent _atext _btxt |
||
| 337 |
_2rdamedia _aunmediated _bn |
||
| 338 |
_2rdacarrier _avolume _bnc |
||
| 504 | _aIncludes bibliographical references and index. | ||
| 505 | 0 | _aThe growing the economy -- Advances in science, technology and engineering -- Agricultural innovation systems -- Enabling infrastructure -- Human capacity -- Entrepreneurship -- Governing innovation -- Conclusions and the way ahead. | |
| 650 | 7 |
_aAgriculture _xEconomic aspects _zAfrica. _2BUEsh |
|
| 650 | 7 |
_aAgricultural innovations _xEconomic aspects _zAfrica. _2BUEsh |
|
| 650 | 7 |
_aEconomic development _zAfrica. _2BUEsh |
|
| 653 |
_bBUSECO _cMay2021 |
||
| 655 |
_vReading book _934232 |
||
| 906 |
_a7 _bcbc _corignew _d1 _eecip _f20 _gy-gencatlg |
||
| 942 |
_2ddc _cBB |
||